Dasakumaracarita (truyện mười chàng trai trẻ) của Dandin với bước chuyển từ sử thi tới tiểu thuyết bợm nghịch /
Spremljeno u:
| Glavni autor: | |
|---|---|
| Format: | Članak |
| Jezik: | Vietnamese |
| Teme: | |
| Oznake: |
Dodaj oznaku
Bez oznaka, Budi prvi tko označuje ovaj zapis!
|
| Thư viện lưu trữ: | Thư viện Trường Đại học Đà Lạt |
|---|
| LEADER | 00823nam a2200277 4500 | ||
|---|---|---|---|
| 001 | DLU060052236 | ||
| 040 | # | # | |a DLU |b vie |
| 041 | # | # | |a vie |
| 044 | # | # | |a vn |
| 100 | # | # | |a Phan Thu Hiền |
| 245 | # | # | |a Dasakumaracarita (truyện mười chàng trai trẻ) của Dandin với bước chuyển từ sử thi tới tiểu thuyết bợm nghịch / |c Phan Thu Hiền |
| 653 | # | # | |a Sử thi |
| 653 | # | # | |a Tiểu thuyết |
| 653 | # | # | |a Văn học Ấn Độ |
| 773 | # | # | |t Văn học |g Số 8, 2000, tr.57-64 |
| 920 | # | # | |a Phòng Tạp chí -- Trung tâm Thông tin - Thư viện Trường Đại học Đà Lạt |
| 933 | # | # | |a CT, TN |
| 994 | # | # | |a DLU |
| 900 | # | # | |a True |
| 911 | # | # | |a Nguyễn Thị Yên |
| 925 | # | # | |a G |
| 926 | # | # | |a A |
| 927 | # | # | |a BB |
| 980 | # | # | |a Thư viện Trường Đại học Đà Lạt |